Štúdium možností anaeróbneho rozkladu substrátov s vysokým obsahom dusíka a síry

Gespeichert in:
Bibliographische Detailangaben
1. Verfasser: Krafčík, Dominik (Verfasst von)
Weitere Verfasser: Hutňan, Miroslav (Betreuung Doktorarbeit)
Format: Manuskript Buch
Sprache:Slowakisch
Veröffentlicht: 2017
Schlagworte:
Online-Zugang:http://is.stuba.sk/zp/portal_zp.pl?podrobnosti=124830
Tags: Tag hinzufügen
Keine Tags, Fügen Sie das erste Tag hinzu!

MARC

LEADER 00000ntm a22000003a 4500
001 stuzp64741
003 SK-STU
005 20170610211228.5
007 ta
008 150427s2015----xo-----f-mn---000-0-slo-d
040 |a STU  |b slo 
041 0 |a slo 
100 1 |a Krafčík, Dominik  |u 046290  |4 aut  |U FCHPT Ústav chemického a environmentálneho inžinierstva  |T FCHPT Oddelenie environmentálneho inžinierstva  |X 43123  |U C6290  |Y 120  |7 43123 
242 0 1 |a A study of the possibilities of the anaerobic treatment of substrates with high content of sulfur and nitrogen  |y eng 
245 1 0 |a Štúdium možností anaeróbneho rozkladu substrátov s vysokým obsahom dusíka a síry 
260 |c 2017 
650 4 |a anaeróbne spracovanie  |2 slo 
650 4 |a bioplyn  |2 slo 
650 4 |a síra  |2 slo 
650 4 |a dusík  |2 slo 
650 4 |a anaerobic treatment  |2 eng 
650 4 |a biogas  |2 eng 
650 4 |a nitrogen  |2 eng 
650 4 |a sulfur  |2 eng 
700 1 |a Hutňan, Miroslav  |u 046290  |k Z1  |4 ths  |U FCHPT Ústav chemického a environmentálneho inžinierstva  |T FCHPT Oddelenie environmentálneho inžinierstva  |X 3355  |U C6290  |Y 120  |7 A000003355 
856 4 |u http://is.stuba.sk/zp/portal_zp.pl?podrobnosti=124830